书目信息 |
| 书名: | Pillows & throws | |
| 作者: | Lucinda Ganderton; Lucy Berridge | |
| 分册号: | ||
| 分册名: | 出版地: | New York |
|
| 出版社: | Ryland Peters & Small | |
| 出版时间: | 2003 | |
| 页数: | 127P | |
| 开本: | 23CM | |
| 丛书名: | ||
| 中图分类号: | ||
| 科图分类号: | ||
| 其他分类号: | TS971.53 | |
| 主题词: | ||
| 电子资源: | ||
| 000 | 00398nam0 2200133 450 | |
| 001 | 202012003274 | |
| 005 | 20121204092340.0 | |
| 008 | 12120401s | |
| 020 | @a9781841724768@c$27.95 | |
| 099 | @dTS971.53@eL938 | |
| 245 | @aPillows & throws @cLucinda Ganderton; Lucy Berridge | |
| 260 | 0 | @aNew York@bRyland Peters & Small@c2003 |
| 300 | @a127P@c23CM | |
| 905 | @aTSG@b14575-6@dTS971.53@eL938 | |
| Pillows & throws / Lucinda Ganderton; Lucy Berridge.-New York : Ryland Peters & Small , 2003 |
| 127P ; 23CM |
| ISBN 9781841724768$27.95 |
| ● |
| 相关链接 |
|
|
|
正题名:Pillows & throws
索取号:TS971.53/L938
 
预约/预借
| 序号 | 登录号 | 条形码 | 馆藏地/架位号 | 状态 | 备注 |
| 1 | 14575 | 300145750 | 自科库501/400A自科库 33排2列3层/ [索取号:TS971.53/L938] | 在馆 | |
| 2 | 14576 | 300145769 | 自科库501/400A自科库 33排2列3层/ [索取号:TS971.53/L938] | 在馆 |